Provinces de la République démocratique du Congo - Statistiques

Statistiques générales
  • Ce quiz a été pris 46 fois
  • Le résultat moyen est 17 sur 26
Statistiques - réponses
Réponse % Correct
Kinshasa
93%
Kasaï
89%
Nord-Kivu
89%
Sud-Kivu
85%
Kongo-Central
78%
Équateur
70%
Haut-Katanga
70%
Ituri
67%
Kwango
67%
Kwilu
67%
Lualaba
67%
Mongala
67%
Haut-Uele
63%
Maniema
63%
Kasaï-Oriental
59%
Bas-Uele
56%
Lomami
56%
Mai-Ndombe
56%
Tanganyika
56%
Tshopo
56%
Haut-Lomami
52%
Kasaï-Central
48%
Nord-Ubangi
48%
Sankuru
48%
Sud-Ubangi
44%
Tshuapa
44%
Aucun quiz correspondant
Distribution des résultats
% des personnes avec chaque résultat
Percentile par nombre de réponses
Votre historique - résultats
Vous n’avez pas pris ce quiz